English Football Champions - Statistics

General Stats
  • This quiz has been taken 13,561 times
    13,558 since last reset
  • The average score is 15 of 23
Answer Stats
# Team % Correct
19 Manchester United
100%
18 Liverpool
99%
13 Arsenal
98%
4 Chelsea
97%
3 Manchester City
97%
2 Tottenham Hotspur
89%
9 Everton
85%
7 Aston Villa
82%
4 Newcastle United
81%
3 Blackburn Rovers
78%
3 Leeds United
74%
1 Nottingham Forest
74%
6 Sunderland
62%
3 Wolverhampton Wanderers
57%
2 Derby County
47%
4 Sheffield Wednesday
47%
1 West Bromwich Albion
46%
1 Sheffield United
45%
2 Preston North End
40%
2 Burnley
39%
2 Portsmouth
38%
1 Ipswich Town
37%
3 Huddersfield Town
28%
No matching quizzes found
Score Distribution
Percent of People with Each Score
Percentile by Number Answered
Your Score History
You have not taken this quiz since the last reset